000 01099nam a22003497a 4500
003 CHAP
005 20220329140206.0
008 971013s1981 r 00010 d
010 _a48351
011 _a49323
035 _a53471
040 _cCHAP
090 _aFolleto 10190
100 0 0 _aToro, Julio César.
_9113970
245 _aPrácticas agronómicas para la producción de yuca; una revisión de la literatura
260 _aCali :
_bCIAT,
_c1981
300 _a44 p.
_b: ilus.
490 _aSerie CIAT
_v; 09SC-5
504 _aBibliografía pp. 35-45
590 _aBATCH-UPD
_b10
_c20130110
_lUCH01
_h0031
590 _aBATCH-UPD
_b10
_c20130110
_lUCH01
_h2146
590 _aBATCH-UPD
_b10
_c20130409
_lUCH01
_h2014
590 _aBATCH-UPD
_b10
_c20130914
_lUCH01
_h0611
590 _aCONVERSION
_b10
_c20130109
_lUCH01
_h1326
650 1 4 _aYuca
_xPropagación.
_9123298
650 1 4 _aYuca
_xRendimiento.
_9123299
700 0 _aAtlee, C. B.
_98259
830 0 _aSerie CIAT
_v; 09SC-5
_9104644
901 _aBK
942 _cFOLL
949 _aFolleto 10190
_bBC
_cFOLL
_d-118549
_eTS1
_i53471
_mD
_si
999 _c48351
_d48351